Jogadores por maior preço de transfêrencia (até 2022) - Statistics

Estatísticas Gerais
  • Esse quiz foi jogado 214 vezes
  • A pontuação média é 19 de 25
Estatísticas das Respostas
TEMPORADA CLUBE ORIGEM VALOR EM EURO CLUBE DESTINO JOGADOR NAC. % Correto
17/18 Barcelona - ESP 222,00 mi. € PSG - FRA Neymar
99%
18/19 Mônaco - FRA 145,00 mi. € PSG - FRA Mbappè
97%
17/18 Liverpool - ENG 135,00 mi. € Barcelona - ESP Philippe Coutinho
89%
19/20 Benfica - POR 127,20 mi. € Atlético Madrid - ESP João Félix
84%
13/14 Santos - BRA 88,00 mi. € Barcelona - ESP Neymar
84%
17/18 Borussia Dortmund - GER 140,00 mi. € Barcelona - ESP Ousmane Dembélé
83%
19/20 Atlético Madrid - ESP 120,00 mi. € Barcelona - ESP Antoine Griezmann
82%
18/19 Real Madrid - ESP 117,00 mi. € Juventus - ITA Cristiano Ronaldo
82%
19/20 Chelsea - ENG 115,00 mi. € Real Madrid - ESP Eden Hazard
82%
21/22 Internazionale - ITA 113,00 mi. € Chelsea - ENG Romelu Lukaku
81%
21/22 Aston Villa - ENG 117,50 mi. € Manchester City - ENG Jack Grealish
80%
13/14 Tottenham - ENG 101,00 mi. € Real Madrid - ESP Gareth Bale
78%
19/20 Ajax - NED 86,00 mi. € Barcelona - ESP Frenkie de Jong
76%
14/15 Liverpool - ENG 81,72 mi. € Barcelona - ESP Luis Suárez
76%
16/17 Juventus - ITA 105,00 mi. € Manchester United - ENG Paul Pogba
76%
19/20 Ajax - NED 85,50 mi. € Juventus - ITA Matthijs de Ligt
75%
09/10 Manchester United - ENG 94,00 mi. € Real Madrid - ESP Cristiano Ronaldo
74%
21/22 Borussia Dortmund - GER 85,00 mi. € Manchester United - ENG Jadon Sancho
70%
17/18 Southampton - ENG 84,65 mi. € Liverpool - ENG Virgil van Dijk
68%
16/17 Nápoles - ITA 90,00 mi. € Juventus - ITA Gonzalo Higuaín
67%
19/20 Leicester City - ENG 87,00 mi. € Manchester United - ENG Harry Maguire
67%
20/21 Bayer Leverkusen - GER 80,00 mi. € Chelsea - ENG Kai Havertz
63%
17/18 Everton - ENG 84,70 mi. € Manchester United - ENG Romelu Lukaku
59%
21/22 Fiorentina - ITA 81,60 mi. € Juventus - ITA Dusan Vlahovic
57%
19/20 Atlético Madrid - ESP 80,00 mi. € Bayern Munique - GER Lucas Hernández
43%
Nenhum quiz correspondente encontrado
Distribuição das Pontuações
Porcentagem de Pessoas com Cada Pontuação
Percentil de Números Respondidos
Sua Pontuação Histórica
Você não jogou esse quiz